[Event "Washington Class"]
[Site "?"]
[Date "1995.11.24"]
[Round "2"]
[White "Bailey, B."]
[Black "Stoddard, E."]
[Result "1-0"]
[WhiteElo "1832"]
[BlackElo "1792"]
[Annotator "Stockfish 14 (15s)"]
[PlyCount "77"]

{B83: Sicilian Scheveningen: 6 Be2, lines without ...a6} 1. e4 c5 2. Nf3 e6 3.
d4 cxd4 4. Nxd4 Nf6 5. Nc3 d6 6. Be2 Be7 7. O-O O-O 8. f4 Nc6 9. Be3 Qc7 10.
Nxc6 (10. Nb3 b6 11. Bf3 Ba6 12. Rf2 Rfd8 13. Qe1 Rac8 14. Rd1 Bc4 15. Nd4 Nxd4
16. Bxd4 e5 17. Be3 d5 18. fxe5 Nxe4 19. Bxe4 dxe4 20. Rd4 Rxd4 21. Bxd4 Rd8
22. Qxe4 Qd7 23. Rd2 Bc5 24. Bxc5 Qxd2 {
Ciocaltea,V (2470)-Tal,M (2635) Halle 1974 0-1 (33)}) 10... bxc6 11. Bd3 Rb8
12. g4 $4 $146 (12. b3 Qa5 13. Ne2 Ng4 14. Bd4 e5 15. Bf2 exf4 16. Nxf4 Bf6 17.
Nh3 Qe5 18. g3 Nxf2 19. Nxf2 Qxa1 20. Qxa1 Bxa1 21. Rxa1 Be6 22. Rf1 a5 23. a4
f5 24. Re1 f4 25. e5 d5 26. g4 f3 {
Roversi,S (1895)-Pipitone,A (2025) Salsomaggiore Terme 2004 0-1 (45)}) (12. b3
$142 $11) 12... d5 (12... Rxb2 13. g5 Nd7 14. f5 $17) 13. e5 Nd7 14. Rb1 (14.
g5 g6 (14... Rxb2 15. Bxh7+ Kxh7 16. Qh5+ Kg8 17. Rf3 Nxe5 18. Rh3 $18) 15. b3
Nc5 $17) 14... c5 $19 15. Nb5 Qb6 16. c4 $2 (16. b4 $142 a6 17. Nd6 Bxd6 18.
exd6 $19) 16... d4 17. Bd2 (17. Qc2 Bb7 (17... dxe3 18. Bxh7+ Kh8 19. Rf3 $19)
18. Bxh7+ Kh8 $19) 17... a6 18. Na3 (18. Qc2 g6 (18... axb5 $6 19. Bxh7+ Kh8
20. Qd3 $19) 19. Na3 Bb7 $19) 18... Bb7 19. Be2 (19. Qa4 Qc7 20. g5 $19) 19...
Qc6 (19... f6 $142 20. exf6 Nxf6 $19) 20. Bf3 $17 Qc7 21. Nc2 (21. g5 $142 Bxf3
22. Qxf3 $17) 21... Bc6 $4 (21... f6 $142 22. exf6 Bxf6 23. Bxb7 Qxb7 $19 (
23... Rxb7 $6 24. Ne1 $11)) 22. Ne1 $11 Rb7 (22... Rbe8 $5 $11) 23. Nd3 $16
Rfb8 24. Be1 (24. Qe2 Bxf3 25. Qxf3 Rc8 $16) 24... Bxf3 25. Qxf3 a5 (25... Rc8
26. Ba5 Qc6 27. Kg2 $16) 26. Bd2 (26. f5 Nxe5 27. Nxe5 Qxe5 $16) 26... a4 (
26... Qb6 $5 $11) 27. f5 $16 exf5 (27... Kh8 $142 $16) 28. gxf5 $4 (28. Qxf5
$142 Nf8 29. Qxf7+ Kh8 30. e6 $18) 28... Qb6 $4 (28... Nxe5 $142 29. Nxe5 Qxe5
$11) 29. Qg4 (29. Bf4 Re8 $18) 29... Kh8 (29... Qa6 30. Rbc1 Bf8 $18) 30. Rf3
g6 (30... Rg8 31. Rg3 Qd8 32. Rf1 $18) 31. f6 (31. Rg3 $142 Rg8 32. f6 Nxe5 33.
Nxe5 Bxf6 $18) 31... Bf8 32. Qh4 h5 $4 (32... Qe6 $142 33. Bh6 Bxh6 34. Qxh6
Rg8 $18) 33. Nf4 (33. Rf5 $142 $1 Bg7 34. fxg7+ Kxg7 35. Qg5 $18) 33... Nxe5
$11 34. Rh3 Qc6 35. Rf1 Kg8 $4 (35... Qd7 $142 36. Nxh5 Qg4+ 37. Qxg4 Nxg4 38.
Ng3+ Kg8 $11) 36. Nxh5 $1 $18 Nf3+ (36... gxh5 37. Qg3+ {Double attack} (37.
Rf5 {Decoy})) (36... -- $140 37. Ng7 {Mate threat}) 37. Rfxf3 Rxb2 (37... Qxf3
38. Rxf3 Rxb2 39. Rh3 Rxd2 40. Ng3 Rd1+ 41. Kf2 Rb2+ 42. Kf3 Rf2+ 43. Kxf2 Rd2+
44. Ke1 Re2+ 45. Nxe2 Bg7 46. Qh7+ Kf8 47. Qh8+ Bxh8 48. Rxh8#) 38. Ng3 $1 Rb1+
39. Nf1 (39. Nf1 Rxf1+ 40. Rxf1 Bh6 41. Qxh6 Qxf6 42. Rxf6 Rb1+ 43. Kg2 Rg1+
44. Kxg1 a3 45. Qh8#) 1-0

[Event "Washington Class"]
[Site "?"]
[Date "1995.11.25"]
[Round "3"]
[White "Zurybida, P."]
[Black "Bailey, B."]
[Result "1-0"]
[WhiteElo "1972"]
[BlackElo "1832"]
[Annotator "Stockfish 14 (15s)"]
[PlyCount "109"]

{C56: Two Knights: 4 d4 exd4 5 0-0 Nxe4} 1. e4 e5 2. Nf3 Nc6 3. Bc4 Nf6 4. d4
Nxe4 5. d5 Na5 6. Bd3 Nf6 (6... Nc5 7. Be2 Na4 8. b3 e4 9. Nd4 Nb6 10. c4 Qf6
11. O-O c5 12. Nc2 d6 13. Bd2 Qg6 14. Bh5 Qf5 15. Bxa5 g6 16. Be2 Bg7 17. Bc3
Bxc3 18. Nxc3 Qe5 19. Qd2 h6 20. f3 f5 21. fxe4 {
Cornette,M (2119)-De Andres,J (2068) Lausanne 2000 1-0}) 7. Bg5 $146 (7. Nxe5
Qe7 8. O-O Qd8 9. Qe1 Be7 10. Qxa5 O-O 11. Nc3 Bd6 12. Nf3 Ng4 13. Qa4 f5 14.
h3 Nf6 15. Bg5 h6 16. Bxf6 Rxf6 17. Rae1 g5 18. Qd4 Qf8 19. Qe3 g4 20. hxg4
fxg4 21. Qe4 Qg7 {Bray,J-Cavadas,J Leiria 1999 1-0}) (7. O-O b6 8. Nxe5 Bd6 9.
Re1 O-O 10. Ng4 Nxg4 11. Qxg4 f5 12. Qh5 Qf6 13. Bd2 c5 14. Bc3 Qg6 15. Qxg6
hxg6 16. Bxa5 bxa5 17. Na3 Kf7 18. Nc4 Be7 19. Ne5+ Kf6 20. Bb5 Rd8 21. Nxg6
Bd6 {Uckermann,J-Muyrers,C Weijers 2003 1/2-1/2 (48)}) (7. O-O c6 8. c4 cxd5 9.
cxd5 Nxd5 10. Nxe5 $16) 7... b6 $2 (7... Be7 $142 $5 8. Nc3 O-O $11) 8. Nxe5
$16 Be7 9. Qf3 (9. Nc3 $142 $5 h6 10. Bd2 $16) 9... O-O $14 10. Nc3 d6 11. Nc4
(11. Nc6 $5 Nxc6 12. dxc6 $14) 11... Nxc4 $11 12. Bxc4 Bb7 (12... Rb8 13. Bd2
$11) 13. h4 (13. O-O-O Nd7 14. Bf4 a6 $11) 13... a6 (13... Bc8 $5 $11) 14.
O-O-O $16 b5 15. Bd3 Rb8 $4 (15... Re8 $142 $14) 16. Bxf6 $4 (16. Rde1 $142 Re8
17. Re3 $18) 16... Bxf6 $15 17. Ne4 $2 (17. g4 $142 $5 g6 18. g5 $15) 17... Be5
$17 18. Ng5 $2 (18. Nd2 $142 $5 $17) 18... g6 $19 19. Rh3 $2 (19. Be2 h6 20.
Ne4 Qe7 $19) 19... Bc8 (19... h6 20. Ne4 Bxd5 21. Qe3 $19) 20. Rhh1 (20. g4 h6
21. Ne4 f5 22. gxf5 Bxf5 $19) 20... Bb7 (20... h5 21. Be4 b4 22. Qe3 $19) 21.
Rh3 $2 (21. Bf1 Bg7 22. Ne4 h5 $19) 21... Bc8 (21... h6 $142 $5 22. Ne4 Bxd5
23. Qe3 $19) 22. Rhh1 (22. g4 $19) 22... Bb7 (22... h5 23. g3 Bg4 24. Qg2 Bxd1
25. Kxd1 $19) 23. Kb1 $4 (23. Rh3 h6 24. Ne4 Bxd5 25. g4 $19) 23... Qf6 (23...
h6 $142 24. Ne4 Bxd5 $19) 24. Qxf6 $17 Bxf6 25. Be4 Rbe8 (25... h6 $142 26. Nf3
Rfe8 $19) 26. f3 $4 (26. Bf3 $142 $17) 26... Re7 (26... h6 27. Nh3 Bxh4 28. c4
$19) 27. g3 (27. Bd3 Bxd5 28. Bxg6 fxg6 29. Rxd5 $19) 27... Rfe8 (27... Be5
$142 28. Rhg1 f5 $19) 28. Nh3 Bg7 (28... b4 $142 $19) 29. h5 $2 (29. c3 $142
$17) 29... f5 $19 30. Bd3 Bxd5 31. Bxb5 Bxa2+ $1 32. Kxa2 axb5 33. hxg6 hxg6
34. Ng5 (34. Nf4 g5 35. Nd5 $19) 34... Bf6 35. f4 (35. Nh3 Re2 36. Kb1 g5 $19)
35... Re2 36. Rc1 (36. Kb1 Bxg5 37. fxg5 R2e3 $19) 36... Bxg5 37. fxg5 Kg7 38.
Rh4 (38. c4 bxc4 39. Rxc4 c5 $19) 38... Rh8 (38... R8e4 $142 $5 39. c3 $19) 39.
Rb4 c6 40. Rd4 (40. c4 Re4 41. Rb3 Ra8+ 42. Kb1 Rxc4 43. Rxc4 bxc4 44. Rb7+ Kf8
$19) 40... d5 41. Kb3 Rh5 42. Kb4 (42. g4 Rxg5 43. gxf5 gxf5 44. Rf1 $19) 42...
Rxg5 43. Kc5 Rxg3 44. Kxc6 Rgg2 45. b4 (45. c3 Rxb2 46. Re1 $19) 45... Rxc2+
46. Rxc2 Rxc2+ 47. Kxb5 g5 48. Rxd5 Kf6 49. Ka6 g4 50. b5 Rb2 51. b6 Rxb6+ (
51... f4 $142 $19) 52. Kxb6 $11 f4 53. Kc5 f3 54. Rd8 Ke7 $4 (54... Ke5 $142
55. Re8+ Kf4 $11) 55. Rd1 1-0

[Event "Washington Class"]
[Site "?"]
[Date "1995.11.26"]
[Round "5"]
[White "Bailey, B."]
[Black "Danford, G."]
[Result "0-1"]
[WhiteElo "1832"]
[BlackElo "1861"]
[Annotator "Stockfish 14 (15s)"]
[PlyCount "80"]

{B84: Sicilian Scheveningen: 6 Be2 a6, lines without early Be3} 1. e4 c5 2. Nf3
e6 3. d4 cxd4 4. Nxd4 Nf6 5. Nc3 d6 6. Be2 Nc6 7. O-O Be7 8. Be3 a6 9. a4 Qc7
10. f4 Bd7 11. Qe1 Rc8 (11... O-O 12. g4 Nxd4 13. Bxd4 e5 14. fxe5 dxe5 15. Qg3
Bc5 16. Bf2 Bxf2+ 17. Rxf2 Be6 18. g5 Nd7 19. Bd3 Qb6 20. b3 Qd4 21. Bc4 Bxc4
22. bxc4 Qxc4 23. Nd5 Qxe4 24. Nf6+ Nxf6 25. gxf6 Qg6 26. fxg7 {
Didzuhn,W (1714)-Czerwonka,E (1929) Bad Sooden Allend 2006 0-1}) 12. Kh1 Na5
13. Rd1 Nc4 $146 (13... O-O 14. Qg3 Nc4 15. Bc1 b5 16. axb5 axb5 17. Bd3 b4 18.
Nce2 Rfd8 19. b3 Na3 20. e5 Nh5 21. Qf3 g6 22. f5 exf5 23. Nxf5 Bxf5 24. Bxf5
gxf5 25. Qxh5 dxe5 26. Rxd8+ Rxd8 27. Qxf5 Bf8 28. Ng3 {
Hatlebakk,E (2300)-Bergersen,K Norway 1992 1-0}) (13... Nc6 14. Qg3 O-O 15. e5
dxe5 16. fxe5 Nxe5 17. Bf4 $16) 14. Bc1 (14. Bxc4 $5 Qxc4 15. e5 $18) 14... O-O
$16 15. b3 (15. g4 $5 h6 16. Rg1 $16) 15... Na5 16. Bb2 Nc6 17. Bf3 Nxd4 18.
Rxd4 e5 (18... Rfd8 19. g4 $11) 19. Rc4 (19. Rd2 Qa5 20. Re2 Bd8 $11) 19... Qd8
20. Rxc8 Qxc8 21. Qd2 Qc5 22. fxe5 dxe5 23. Nd5 Nxd5 24. exd5 Bd6 25. Re1 f6
26. a5 Rc8 27. c4 Qb4 28. Qxb4 $2 (28. Qc3 $142 $5 $11) 28... Bxb4 $17 29. Rc1
Bxa5 30. c5 $2 (30. g4 Bd2 31. Rc2 Be3 $19) 30... Bb4 (30... Bd2 $142 $5 31.
Rc2 Bb4 32. c6 bxc6 33. dxc6 $19) 31. c6 bxc6 32. dxc6 Be6 33. Bc3 Bxc3 34.
Rxc3 Rc7 35. b4 (35. Kg1 Kf7 $17) 35... Kf8 36. Be2 $2 (36. Kg1 $142 $19) 36...
Bc8 37. b5 (37. g4 Ke7 38. Kg2 $19) 37... axb5 38. Bxb5 Ke7 39. Kg1 Bf5 40. Kf2
Be4 0-1

[Event "Washington Class"]
[Site "?"]
[Date "1995.11.26"]
[Round "6"]
[White "Butler, D."]
[Black "Bailey, B."]
[Result "1/2-1/2"]
[WhiteElo "1800"]
[BlackElo "1832"]
[Annotator "Stockfish 14 (15s)"]
[PlyCount "94"]

{D27: Queen's Gambit Accepted: Classical main line: 7 e4!? and 7 a4} 1. d4 d5
2. c4 dxc4 3. Nf3 Nf6 4. e3 e6 5. Bxc4 c5 6. O-O a6 7. Qc2 (7. Re1 b5 8. Bf1
cxd4 9. exd4 Bb7 10. a4 bxa4 11. Ne5 Nc6 12. Rxa4 Nxe5 13. dxe5 Qxd1 14. Rxd1
Nd7 15. Bf4 Nb6 16. Ra1 Nd5 17. Bd2 Be7 18. Nc3 Nb4 19. Nb5 Nd5 20. Nc3 Nb4 21.
Nb5 Nd5 {Speelman,J (2630)-Suetin,A (2405) Hastings 1991 1/2-1/2 (31)}) 7... b5
(7... cxd4 8. Rd1 Nc6 9. Nxd4 Qb6 10. Nc3 Nxd4 11. exd4 Be7 12. h3 O-O 13. Be3
Qc7 14. Bb3 b5 15. d5 exd5 16. Nxd5 Nxd5 17. Rxd5 Qxc2 18. Bxc2 Be6 19. Rd2
Rfd8 20. b3 {1/2-1/2 (20) Harasimczyk,K-Ehrlacher,M Karlsruhe 2003}) 8. Bb3 Bb7
9. Rd1 cxd4 $146 (9... Be7 10. Nc3 O-O 11. e4 cxd4 12. Nxd4 Qc7 13. e5 Nfd7 14.
Bf4 Nc5 15. Rac1 {
1/2-1/2 (15) Balashov,Y (2535)-Zaltsman,V (2395) Reykjavik 1984}) (9... c4 $142
10. Bxc4 bxc4 $19) 10. exd4 $11 Be7 11. Nc3 O-O (11... Nc6 12. a3 Na5 $11) 12.
Be3 (12. d5 Nxd5 13. Nxd5 Bxd5 14. Bxd5 exd5 $11) 12... Nd5 (12... Nc6 13. Qe2
Na5 14. Bc2 $17) 13. Rac1 (13. Nxd5 Bxd5 14. Ne5 $11) 13... Nd7 $4 (13... Nxe3
$142 14. fxe3 Nc6 $15) 14. Nxd5 $16 Bxd5 15. Bxd5 exd5 16. Ne5 (16. Qc6 Nf6 $16
) 16... Bd6 17. Nc6 (17. Qf5 $5 Nb6 18. Rc6 $16) 17... Qh4 18. g3 Qe4 $4 (18...
Qg4 19. Kg2 Nf6 20. Ne5 $11) 19. Qd2 $4 (19. Qxe4 $5 dxe4 20. d5 f6 $18) 19...
f5 (19... Rfe8 20. Na5 $11) 20. f4 (20. Bg5 $142 f4 21. Be7 Bxe7 22. Re1 $16)
20... Qe6 $11 21. Ne5 Rac8 22. Bf2 Nf6 23. Re1 (23. Qa5 $5 $11) 23... Ne4 $15
24. Qe3 Bb8 (24... h6 25. a3 $17) 25. Re2 (25. Nd3 $15) 25... Ba7 (25... Bxe5
$142 26. Rxc8 Rxc8 (26... Qxc8 $6 27. dxe5 Qc6 28. Qd3 $15) 27. dxe5 h5 $17)
26. Rec2 $11 Rxc2 27. Rxc2 Rc8 28. Rxc8+ Qxc8 29. Nd3 $2 (29. Qb3 Qb7 30. Qc2
Kf8 $11) 29... h6 $4 (29... Qc2 30. b3 Kf8 $19 (30... Qxa2 $6 31. Qc1 h5 32.
Qc8+ Kh7 33. Qxf5+ Kh6 34. Qxd5 $11)) 30. Nc5 $11 Kh7 31. Qa3 a5 (31... Qe8 32.
b4 $15 (32. Qxa6 $4 Bxc5 33. dxc5 Nd2 $19)) 32. b4 (32. Nxe4 $5 dxe4 33. Qe7
$11) 32... a4 $15 33. Qd3 Qc6 34. Be3 Bb6 35. a3 g6 36. Qc2 Nd6 37. Kf2 Nc4 38.
Bc1 Bd8 39. Qd3 Kg8 40. h4 h5 41. Qe2 Kf7 42. Qd3 Bf6 43. Be3 Qe8 44. Qc3 Nd6 (
44... Qxe3+ $6 45. Qxe3 Nxe3 46. Kxe3 $11) 45. Kf3 (45. Qc1 Qc6 $15) 45... Ne4
46. Qc1 Nxc5 47. Qxc5 Qd7 1/2-1/2

[Event "North American Class"]
[Site "?"]
[Date "1995.12.27"]
[Round "1"]
[White "Rubin, G."]
[Black "Bailey, B."]
[Result "1-0"]
[WhiteElo "1925"]
[BlackElo "1842"]
[Annotator "Stockfish 14 (15s)"]
[PlyCount "69"]

{D78: Fianchetto Grünfeld: 6 0-0 c6} 1. d4 d5 2. Nf3 Nf6 3. g3 g6 4. Bg2 Bg7 5.
c4 c6 6. O-O O-O 7. Nc3 Nbd7 8. cxd5 cxd5 9. Qb3 e6 10. Bf4 Qb6 11. Rfc1 a6 12.
Qa3 $146 (12. Qxb6 Nxb6 13. Bc7 Nbd7 14. Rc2 b5 15. Bd6 Re8 16. a4 bxa4 17.
Nxa4 Ne4 18. Bf4 f6 19. Nd2 Nxd2 20. Bxd2 Rb8 21. Rac1 Bb7 22. Rc7 Nf8 23. Nc5
Ba8 24. b4 a5 25. bxa5 Rb2 26. Rd1 e5 {
Loginov,V (2540)-Schild,H (2210) Zalakaros 1994 1-0 (37)}) (12. Qd1 Re8 13. Na4
Qb5 14. e3 Qb4 15. Rc7 Nh5 16. a3 Qf8 17. Rac1 Nxf4 18. gxf4 f6 19. Nc5 Nxc5
20. R1xc5 Qd6 21. Qc2 Qd8 22. Bh3 Kh8 23. Bf1 Bf8 24. Rc3 Bd6 25. h4 Bxc7 26.
Rxc7 Re7 {Jimenez Ruiz,J (2064)-Barroso Campos,M Malaga 2005 1-0 (60)}) 12...
Re8 13. Bf1 (13. Na4 Qb5 $18) 13... Ne4 (13... Bf8 14. Qb3 $16) 14. e3 Bf8 15.
Qb3 Qxb3 16. axb3 Nxc3 (16... Ndf6 17. Nb5 $1 Rd8 18. Bc7 $16) 17. Rxc3 (17.
bxc3 Nf6 $18) 17... Nf6 18. Bb5 Bd7 $2 (18... Re7 $142 19. Rac1 axb5 20. Rxc8
Rxc8 21. Rxc8 Re8 $16) 19. Bxd7 $18 Nxd7 20. Rc7 Nf6 21. Rxb7 Nh5 $2 (21...
Rac8 22. Ne5 Ne4 23. Nxf7 $18 (23. Rxa6 $6 g5 24. Bxg5 Nxg5 $11)) 22. Rb6 (22.
Ne5 $142 Nxf4 23. gxf4 $18 (23. exf4 $6 Bg7 24. Nc6 a5 $18)) 22... Nxf4 23.
gxf4 (23. exf4 $6 a5 24. Ne5 Rab8 25. Rxb8 Rxb8 26. Rxa5 Bd6 $18) 23... a5 24.
Ne5 Bb4 (24... Be7 25. Rb5 Bd6 26. Nd7 $18 (26. Rbxa5 $6 Rxa5 27. Rxa5 Bxe5 28.
dxe5 Rb8 $16) (26. Raxa5 $6 Rxa5 27. Rxa5 Bxe5 28. dxe5 Rb8 $16)) 25. Rb7 f6 $2
(25... Be7 $18) 26. Nc6 Bf8 (26... Rec8 27. Rb6 (27. Nxb4 $6 axb4 28. Ra4 Rab8
$18) 27... Kf7 28. Kg2 $18) 27. Rc1 (27. Rxa5 $142 Rxa5 28. Nxa5 $18) 27... a4
(27... Rec8 $18) 28. b4 a3 29. bxa3 Rxa3 30. Nb8 Ra8 (30... Re7 31. Nd7 Rf7 32.
b5 $18) 31. Nd7 Be7 32. Rc6 Kf7 33. b5 Rec8 (33... Rac8 34. Rxc8 Rxc8 35. b6
$18) 34. Nb6 Rab8 (34... Rcb8 35. Rbc7 Ra5 36. Nc8 Rxc8 37. Rxc8 Rxb5 38. R6c7
$18) 35. Rxe7+ $1 (35. Rxe7+ Kxe7 36. Nxc8+ Kd8 37. Nb6 $18) (35. Rxc8 $6 Rxb7
36. Rc6 Bb4 $16) 1-0

[Event "North American Class"]
[Site "?"]
[Date "1995.12.27"]
[Round "2"]
[White "Bailey, B."]
[Black "Traub, I."]
[Result "1/2-1/2"]
[WhiteElo "1842"]
[BlackElo "1958"]
[Annotator "Stockfish 14 (15s)"]
[PlyCount "67"]

{B18: Classical Caro-Kann: 4...Bf5 sidelines} 1. e4 c6 2. d4 d5 3. Nc3 dxe4 4.
Nxe4 Bf5 5. Ng3 Bg6 6. Nf3 Nd7 7. h4 h5 8. Bd3 Bxd3 9. Qxd3 e6 10. Bf4 (10. Bg5
Qa5+ 11. c3 Ngf6 12. O-O Be7 13. Rfe1 Qc7 14. Rad1 O-O-O 15. Qe2 g6 16. Ne4
Rde8 17. Nxf6 Bxf6 18. c4 Bxg5 19. Nxg5 Nf6 20. Qe5 Ng4 21. Qxc7+ Kxc7 22. Nxf7
Rhf8 23. Ne5 Nxf2 24. Rd2 Ng4 {
Frias Pablaza,V (2440)-Rodriguez Cespedes,A (2475) Havana 1983 1/2-1/2 (50)})
10... Ngf6 11. Ne4 $146 (11. O-O Be7 12. Rfe1 Nd5 13. Bg5 N7f6 14. c4 Nc7 15.
Rad1 Ng4 16. Nf5 f6 17. Bd2 Qd7 18. Nxg7+ Kf7 19. Nxe6 Nxe6 20. Qf5 Nf8 21.
Ng5+ Ke8 22. Bb4 Rh7 23. Ne6 Nxe6 24. Qxh7 Bxb4 25. Qxh5+ Kd8 {
Dus Chotimirsky,F-Yurevich,V Kiev 1903 0-1 (55)}) (11. O-O-O Qb6 (11... Nd5 12.
Bd2 Qc7 13. Rhe1 O-O-O 14. c4 Nf4 15. Bxf4 Qxf4+ 16. Kb1 Nf6 17. Ne5 Bb4 18.
Re3 Rhf8 19. Nf3 g6 20. Qb3 Ng4 21. Re4 Qd6 22. Re2 Nxf2 23. Ne4 Nxe4 24. Rxe4
Ba5 25. Qa4 Qb4 26. Qc2 {Horvath,R-Kaps,D (2115) Tapolca 1998 0-1 (54)}) 12. c4
O-O-O 13. Qe2 g6 14. Ng5 Bh6 15. Be3 Bxg5 16. Bxg5 Rde8 17. Kb1 Kb8 18. Bxf6
Nxf6 19. Qe5+ Qc7 20. Qxf6 Rd8 21. Qe5 Rhf8 22. Ne4 Qxe5 23. dxe5 Kc7 24. Kc2
b6 25. Rxd8 Rxd8 {Hager,J (1748)-Muehlbayer,K (1428) Verden 2005 1-0 (38)}) (
11. O-O $142 Ng4 12. Rae1 $18) 11... Nxe4 $11 12. Qxe4 Nf6 13. Qd3 Bd6 14. Bxd6
Qxd6 15. O-O-O Ng4 16. Rhf1 Qf4+ (16... O-O 17. Qe2 $11) 17. Kb1 Nh2 (17... O-O
18. g3 Qc7 19. Qe2 $11) 18. Nxh2 Qxh2 19. g3 Qg2 20. c4 Rh6 (20... Rd8 $142 $5
$11) 21. Qe3 $16 Kf8 22. Rh1 Rf6 23. f4 c5 24. d5 (24. Rhe1 cxd4 25. Rxd4 Rf5
$16) 24... exd5 $14 25. Qxc5+ Kg8 26. cxd5 Rb6 27. Qc3 Rd8 28. Rhe1 (28. Rhg1
$142 $5 Qe4+ 29. Qd3 $16) 28... Rxd5 $11 29. Rxd5 Qxd5 30. Re8+ Kh7 31. Qc2+ g6
32. Qe2 (32. a3 Rc6 33. Qe2 Rd6 $15) 32... Qf5+ (32... Rd6 $5 33. b3 Rc6 $17)
33. Qe4 Qb5 34. Qe2 1/2-1/2

[Event "North American Class"]
[Site "?"]
[Date "1995.12.28"]
[Round "3"]
[White "Lewis, A."]
[Black "Bailey, B."]
[Result "0-1"]
[WhiteElo "1929"]
[BlackElo "1842"]
[Annotator "Stockfish 14 (15s)"]
[PlyCount "62"]

{C47: Scotch Four Knights and Four Knights with 4 g3} 1. e4 e5 2. Nf3 Nc6 3. d4
exd4 4. Nxd4 Nf6 5. Nc3 Bb4 6. Nxc6 bxc6 7. Bd3 d6 8. O-O O-O 9. Ne2 Qe7 10.
Nd4 Bd7 11. c3 Bc5 12. Bg5 h6 13. Bh4 d5 $146 (13... Qe5 14. Nf5 Bxf5 15. exf5
d5 16. Re1 Qd6 17. Bg3 Qd7 18. Be5 Qd8 19. Qa4 Re8 20. Re2 Ne4 21. Bd4 Bxd4 22.
cxd4 Qf6 23. Rc1 Nd6 24. Qxc6 Qxd4 25. Rxe8+ Rxe8 26. Qxc7 Qxd3 27. Qxd6 Qd2
28. Rf1 {Rozkovec,H-Petr,J (2170) Czechia 1997 0-1 (35)}) (13... Rab8 14. Rb1
$14) 14. exd5 (14. Re1 Bxd4 (14... dxe4 $4 15. Bxe4 Qxe4 16. Rxe4 Nxe4 17. Nb3
$18) 15. cxd4 dxe4 16. Rxe4 Qd6 $16) 14... cxd5 $14 15. Re1 Qd6 16. Nf5 (16. b4
$5 Bxd4 17. cxd4 $14) 16... Bxf5 $11 17. Bxf5 Qf4 18. Bxf6 $4 (18. g4 $142 g6
19. Qc1 Qxc1 20. Raxc1 $11) 18... Bxf2+ $19 (18... Qxf5 $6 19. Bd4 Bd6 20. b4
$11) 19. Kh1 Bxe1 20. Qxe1 (20. Qd3 gxf6 21. Rxe1 Rfe8 $19) 20... Qxf5 21. Bd4
Rfe8 22. Qg3 Qg5 23. Qxc7 (23. Qf3 a5 $19) 23... Re2 24. Rg1 Rxb2 25. Qc6 Rd8
26. a4 Qf4 (26... a5 $5 27. c4 Rbb8 28. c5 $19) 27. a5 Rd6 (27... Ra2 $142 28.
Bxa7 Qc4 29. Qb7 $19) 28. Qc5 (28. Qc7 Kh7 29. Bxa7 Qf6 $19) 28... a6 29. Qc7
Rc2 30. Be3 (30. Qe7 Re6 31. Qd8+ Kh7 32. Qxd5 $19) 30... Qxe3 (30... Qf6 $142
31. Bd4 Qg6 $19) 31. Qxd6 $4 (31. Qc8+ Kh7 32. Qf5+ Rg6 33. Qxc2 $19) 31... Rc1
(31... Rc1 32. Qb8+ Kh7 33. Qb1+ Rxb1 34. Rxb1 Qxc3 35. Rf1 Qxa5 36. g3 d4 37.
h3 d3 38. Kg2 Qe5 39. h4 d2 40. Kf2 Qf6+ 41. Ke3 Qxf1 42. Kxd2 a5 43. Kc3 a4
44. Kb4 Qa6 45. g4 a3 46. g5 a2 47. g6+ fxg6 48. h5 a1=Q 49. hxg6+ Kxg6 50. Kc5
h5 51. Kd5 h4 52. Kc5 h3 53. Kd5 h2 54. Kc5 h1=Q 55. Kb4 Q1a3#) 0-1

[Event "North American Class"]
[Site "?"]
[Date "1995.12.28"]
[Round "4"]
[White "Bailey, B."]
[Black "Owens, D."]
[Result "1/2-1/2"]
[WhiteElo "1842"]
[BlackElo "1954"]
[Annotator "Stockfish 14 (15s)"]
[PlyCount "57"]

{C42: Petroff Defence: 3 Nxe5 and unusual White 3rd moves} 1. e4 e5 2. Nf3 Nf6
3. Nxe5 d6 4. Nf3 Nxe4 5. d4 d5 6. Bd3 Be7 7. O-O O-O 8. c4 c6 9. Nc3 Nxc3 10.
bxc3 Bg4 11. c5 $146 (11. Re1 Re8 12. Rb1 b6 13. cxd5 cxd5 14. Bf4 Bf6 15. Qa4
Rxe1+ 16. Rxe1 Nd7 17. Bb5 a6 18. Bc6 Rc8 19. h3 Bf5 20. c4 Bc2 21. Qxc2 Rxc6
22. Qa4 Rxc4 23. Qxa6 Bxd4 24. Nxd4 Rxd4 25. Be3 Re4 {
Jiang,L (1995)-Landingin,J Vancouver 2006 0-1 (43)}) (11. Bf4 Nd7 12. c5 Bh5
13. Rb1 b5 14. Re1 Bg6 15. Bxg6 hxg6 16. a4 a6 17. Ne5 Nxe5 18. Bxe5 Re8 {
1/2-1/2 (18) Voloshin,L (2466)-Simacek,P (2480) Marianske Lazne 2006}) (11. Rb1
b6 12. Bf4 Bd6 13. Bxd6 Bxf3 14. Qxf3 Qxd6 15. cxd5 Qxd5 16. Be4 Qxa2 17. Qd3
g6 18. c4 Qa6 19. f4 f5 20. Bf3 Rd8 21. Rfe1 Qc8 22. d5 Na6 23. Re7 Re8 24.
Rbe1 Rxe7 25. Rxe7 Qf8 {Zhornik,N (2251)-Kolodiy,T Lvov 2005 1-0}) (11. cxd5
cxd5 12. Bf4 Nc6 $14) 11... Nd7 (11... b6 12. cxb6 axb6 13. a4 $11) 12. Bc2 (
12. Re1 b6 13. Ba6 bxc5 $14) 12... b6 13. cxb6 axb6 14. Qd3 g6 15. Bf4 Bf5 16.
Qd2 Bxc2 17. Qxc2 Re8 18. Rfe1 Bf6 19. Qb3 (19. a4 Ra7 $11) 19... Rxe1+ 20.
Rxe1 b5 21. Ne5 (21. Bd6 Nb6 22. Bb4 Nc4 $11) 21... Nxe5 (21... Bxe5 $5 22.
Bxe5 Qg5 $17) 22. Bxe5 $15 Qe7 23. Kf1 Re8 (23... h5 24. Bxf6 Qxf6 25. Qc2 $15)
24. a4 $11 Bg7 (24... Bxe5 $2 25. Rxe5 Qd7 26. Rxe8+ Qxe8 27. axb5 cxb5 28.
Qxd5 $18) 25. f3 bxa4 (25... Bxe5 $2 26. Rxe5 Qf8 27. Rxe8 Qxe8 28. axb5 cxb5
29. Qxd5 $18) 26. Qxa4 Qd7 27. Bxg7 Rxe1+ 28. Kxe1 Kxg7 29. Qa6 1/2-1/2